Normal view
MARC view
Entry Personal Name
001 - CONTROL NUMBER
- control field: 6928
003 - CONTROL NUMBER IDENTIFIER
- control field: BD-RjUL
005 - DATE AND TIME OF LATEST TRANSACTION
- control field: 20230209104723.0
008 - FIXED-LENGTH DATA ELEMENTS
- fixed length control field: 230209|| aca||aabn | a|a d
040 ## - CATALOGING SOURCE
- Original cataloging agency: BD-RjUL
- Transcribing agency: BD-RjUL
100 ## - HEADING--PERSONAL NAME
- Personal name: الحلبي، ابراهيم بن محمد،
- Dates associated with a name: توفي 1549 أو 1550
670 ## - SOURCE DATA FOUND
- Source citation: Work cat.: (BD-RjUL)81200: الحلبي، ابراهيم بن محمد، توفي 1549 أو 1550, منية المصلي Muniyat al-musalli /, ١٤١٨ه، ١٩٩٧م